[Event "AUTO-BEG-174"]
[Site "http://www.queenalice.com/game.php?id=337013"]
[Date "2008.1.15"]
[Round "1"]
[White "blauw"]
[Black "pscos"]
[Result "0-1"]
[WhiteElo "1148"]
[BlackElo "1039"]

1. e4 d5 2. exd5 Qxd5 3. d3 e6 4. Bf4 g5 5. Be3 e5 6. Nc3 h5 7. Nxd5 Bg4 8. Qd2
Nc6 9. Nxc7+ Kd8 10. Nxa8 Bb4 11. c3 Nge7 12. Bc5 Bxc5 13. f3 Bf5 14. Be2 f6 15.
O-O-O Nd5 16. c4 Ne3 17. Re1 Nb4 18. d4 Nxa2# 0-1

[Event "AUTO-BEG-174"]
[Site "http://www.queenalice.com/game.php?id=337028"]
[Date "2008.1.15"]
[Round "1"]
[White "blauw"]
[Black "rgoncalves"]
[Result "0-1"]
[WhiteElo "1152"]
[BlackElo "1468"]

1. e3 d5 2. Bb5+ c6 3. Bd3 e5 4. Nf3 e4 5. Ne5 exd3 6. cxd3 Bd6 7. Nf3 b5 8. d4
Ba6 9. d3 Nf6 10. Bd2 c5 11. dxc5 Bxc5 12. O-O b4 13. b3 Bxd3 14. Re1 Bxb1 15.
Rxb1 Ne4 16. Qe2 O-O 17. Ne5 Re8 18. Nd3 Nc6 19. f3 Ng5 20. f4 Ne4 21. f5 Bd6
22. f6 Qxf6 23. Nf4 Bxf4 24. exf4 Nc3 25. Bxc3 Rxe2 26. Rxe2 Qxc3 27. Rf1 Qc5+
28. Kh1 Nd4 29. Ree1 Nc2 30. Rc1 d4 31. f5 Qb5 32. Rf4 d3 33. f6 g6 34. Rh4 Qg5
35. Rc4 Qxc1# 0-1

[Event "AUTO-BEG-174"]
[Site "http://www.queenalice.com/game.php?id=337029"]
[Date "2008.1.15"]
[Round "1"]
[White "rgoncalves"]
[Black "blauw"]
[Result "1-0"]
[WhiteElo "1440"]
[BlackElo "1157"]

1. c4 b6 2. d4 Bb7 3. Nf3 e6 4. e3 Bb4+ 5. Bd2 Bxd2+ 6. Qxd2 Nf6 7. Be2 Nc6 8.
Nc3 Na5 9. b4 Nc6 10. d5 exd5 11. Nxd5 Nxd5 12. cxd5 Ne7 13. O-O O-O 14. d6 cxd6
15. Qxd6 b5 16. Rac1 Bxf3 17. Bxf3 Rc8 18. Bb7 Rxc1 19. Rxc1 a6 20. Bxa6 Re8 21.
Bxb5 f5 22. a4 Qa8 23. Qxd7 Ng6 24. Bc6 Qa6 25. Bd5+ Kf8 26. Qf7# 1-0

[Event "AUTO-OPEN-1010"]
[Site "http://www.queenalice.com/game.php?id=351967"]
[Date "2008.2.10"]
[Round "1"]
[White "Isaiasrochac"]
[Black "blauw"]
[Result "1-0"]
[WhiteElo "1534"]
[BlackElo "1134"]

1. e4 e5 2. d4 exd4 3. Qxd4 Nc6 4. Qd1 Bb4+ 5. Bd2 Bxd2+ 6. Qxd2 Nf6 7. Nc3 d6
8. O-O-O Nb4 9. Nf3 Bg4 10. Bb5+ c6 11. Be2 d5 12. exd5 cxd5 13. Kb1 a5 14. h3
Bxf3 15. Bxf3 d4 16. Qxd4 Qc8 17. a3 Na6 18. Qa4+ Ke7 19. Qxa5 b6 20. Qe5+ 1-0

[Event "AUTO-OPEN-1010"]
[Site "http://www.queenalice.com/game.php?id=351968"]
[Date "2008.2.10"]
[Round "1"]
[White "blauw"]
[Black "Isaiasrochac"]
[Result "0-1"]
[WhiteElo "1134"]
[BlackElo "1534"]

1. Nf3 d5 2. Nc3 d4 3. Nb5 Nc6 4. e4 a6 5. Na3 e5 6. Nc4 Nf6 7. d3 Be7 8. Bg5
O-O 9. Nh4 Nd7 10. Bxe7 Qxe7 11. Be2 Qxh4 12. a4 Qg5 13. h4 Qxg2 14. Rf1 Nf6 15.
Bh5 Bh3 16. Kd2 Qh2 17. Re1 Qxf2+ 18. Kc1 Nxh5 19. Rg1 Qxh4 20. Qe2 Nf6 0-1

[Event "AUTO-OPEN-1010"]
[Site "http://www.queenalice.com/game.php?id=352015"]
[Date "2008.2.10"]
[Round "1"]
[White "blauw"]
[Black "anakarine"]
[Result "0-1"]
[WhiteElo "1158"]
[BlackElo "1632"]

1. e4 e5 2. b4 Bxb4 3. Bb2 d5 4. Bb5+ Bd7 5. Bxd7+ Qxd7 6. Bxe5 f6 7. Bd4 Nc6 8.
Nf3 dxe4 9. Nh4 Nxd4 10. c3 Nf3+ 11. gxf3 Bc5 12. d4 Qh3 13. Qa4+ c6 14. Qc4
O-O-O 15. Qxc5 Qxh4 16. Nd2 e3 17. Nf1 Qxf2+ 18. Kd1 Qxf3+ 19. Kc1 Qxh1 20. Qf5+
Kb8 21. Qa5 Qxf1+ 22. Kb2 Qb5+ 0-1

[Event "AUTO-OPEN-1010"]
[Site "http://www.queenalice.com/game.php?id=352016"]
[Date "2008.2.10"]
[Round "1"]
[White "anakarine"]
[Black "blauw"]
[Result "1-0"]
[WhiteElo "1617"]
[BlackElo "1154"]

1. d4 Nc6 2. e3 e6 3. e4 Bb4+ 4. Bd2 Bxd2+ 5. Qxd2 Nf6 6. e5 Nd5 7. Nf3 b5 8.
Ng5 Qe7 9. Bxb5 Na5 10. h3 h6 11. Nf3 a6 12. Bd3 Bb7 13. O-O Nf4 14. Qxf4 Bxf3
15. Qxf3 d5 16. Qe2 c6 17. Bxa6 Nc4 18. Bb7 Rd8 19. Bxc6+ Kf8 20. Nc3 Nxb2 21.
Rab1 Nc4 22. Rb7 Qh4 23. Nb5 Ra8 24. Ra1 Nb2 25. Rd7 Kg8 26. Bxa8 Nc4 27. Qd3 f5
28. Nd6 Nb2 29. Qa6 Qxd4 30. Nf7 Rh7 31. Qc8# 1-0

[Event "Challenge"]
[Site "http://www.queenalice.com/game.php?id=354648"]
[Date "2008.2.15"]
[Round "-"]
[White "Nascimento"]
[Black "blauw"]
[Result "1-0"]
[WhiteElo "1276"]
[BlackElo "1170"]

1. Nf3 e5 2. Nxe5 Nf6 3. d4 Bb4+ 4. c3 Ba5 5. b4 Bb6 6. e4 Nxe4 7. Bc4 Qh4 8.
Bxf7+ Kf8 9. O-O Nc6 10. Qf3 Nxc3 11. Bd5+ Ke7 12. Nxc3 Nxd4 13. Qf7+ Kd8 14.
Bxb7 Bxb7 15. Qxd7# 1-0

[Event "AUTO-OPEN-1016"]
[Site "http://www.queenalice.com/game.php?id=355028"]
[Date "2008.2.16"]
[Round "1"]
[White "blauw"]
[Black "edimarbr"]
[Result "0-1"]
[WhiteElo "1152"]
[BlackElo "1880"]

1. e4 e5 2. g3 Nf6 3. Nc3 Bc5 4. d4 Bxd4 5. Bc4 Bxc3+ 6. Kf1 Bd4 7. Bg5 O-O 8.
Nf3 Bxb2 9. Rb1 Bc3 10. Nh4 h6 11. Bxf6 Qxf6 12. Qd5 Bd4 13. g4 Qxh4 14. Rg1
Qxf2# 0-1

[Event "AUTO-OPEN-1016"]
[Site "http://www.queenalice.com/game.php?id=355029"]
[Date "2008.2.16"]
[Round "1"]
[White "edimarbr"]
[Black "blauw"]
[Result "1-0"]
[WhiteElo "1888"]
[BlackElo "1144"]

1. e4 e5 2. Nf3 g6 3. Bc4 d5 4. Bxd5 Be6 5. Bxb7 Bg4 6. Bxa8 Bb4 7. c3 Ba5 8.
Qa4+ c6 9. Bxc6+ Nxc6 10. Qxc6+ Kf8 11. Nxe5 Nh6 12. Nxg4 Nxg4 13. d4 Qh4 14.
Qd6+ Kg7 15. O-O Nxf2 16. Rxf2 Re8 17. Qd5 Bd8 18. Qxf7+ Kh8 19. Qxe8+ 1-0

[Event "AUTO-OPEN-1016"]
[Site "http://www.queenalice.com/game.php?id=355030"]
[Date "2008.2.16"]
[Round "1"]
[White "blauw"]
[Black "reginaldox"]
[Result "0-1"]
[WhiteElo "1146"]
[BlackElo "1781"]

1. g4 d5 2. Bg2 Bxg4 3. d4 Nc6 4. Bf4 Nf6 5. c3 g6 6. h3 Bd7 7. Nf3 Bg7 8. Nbd2
O-O 9. Bg5 e6 10. Nh4 Qe8 11. b4 a6 12. Bf3 h6 13. Bxf6 Bxf6 14. Bg4 Bxh4 15.
Nf3 Bf6 16. e3 e5 17. dxe5 Nxe5 18. Nxe5 Bxe5 19. Bxd7 Qxd7 20. a4 Bxc3+ 21. Kf1
Bxa1 22. Qxa1 Rae8 23. Kg2 Qf5 24. Kf1 Rxe3 25. Kg2 Qf3+ 26. Kf1 Re2 27. Kg1
Qxf2# 0-1

[Event "AUTO-OPEN-1016"]
[Site "http://www.queenalice.com/game.php?id=355031"]
[Date "2008.2.16"]
[Round "1"]
[White "reginaldox"]
[Black "blauw"]
[Result "1-0"]
[WhiteElo "1741"]
[BlackElo "1156"]

1. b4 d5 2. Bb2 e5 3. Bxe5 Bxb4 4. Bxg7 Bg4 5. Bxh8 Nf6 6. Bxf6 Qxf6 7. c3 Bc5
8. d4 Bd6 9. Nf3 Bf4 10. e3 Bg5 11. Be2 Nc6 12. Nxg5 Qxg5 13. Bxg4 Qh4 14. Bf3
f5 15. Nd2 Na5 16. Bxd5 Rd8 17. Bb3 1-0

[Event "AUTO-OPEN-1016"]
[Site "http://www.queenalice.com/game.php?id=355032"]
[Date "2008.2.16"]
[Round "1"]
[White "blauw"]
[Black "Mauricio1990"]
[Result "0-1"]
[WhiteElo "1134"]
[BlackElo "1687"]

1. e4 e5 2. b4 Nf6 3. Bc4 Bxb4 4. Bb2 Nxe4 5. Nf3 d5 6. Bb3 f6 7. c3 Bc5 8. d3
Nxf2 9. Qd2 Nxh1 10. a4 Nf2 11. c4 Be6 12. cxd5 Bxd5 13. a5 Bxb3 14. Qc3 Nxd3+
0-1

[Event "AUTO-OPEN-1016"]
[Site "http://www.queenalice.com/game.php?id=355033"]
[Date "2008.2.16"]
[Round "1"]
[White "Mauricio1990"]
[Black "blauw"]
[Result "1-0"]
[WhiteElo "1687"]
[BlackElo "1134"]

1. d4 d5 2. c4 dxc4 3. e4 Nc6 4. Be3 Nf6 5. Nc3 Nb4 6. Qa4+ c6 7. Qxb4 a5 8.
Qxc4 Be6 9. Qd3 Ng4 10. d5 cxd5 11. Nxd5 Bxd5 12. Qxd5 Qxd5 13. exd5 1-0

[Event "AUTO-OPEN-1023"]
[Site "http://www.queenalice.com/game.php?id=357759"]
[Date "2008.2.20"]
[Round "1"]
[White "blauw"]
[Black "Pagano"]
[Result "0-1"]
[WhiteElo "1134"]
[BlackElo "1980"]

1. e4 a6 2. a4 b6 3. g4 Bb7 4. Bg2 g6 5. e5 Bxg2 6. e6 dxe6 7. b3 Bg7 8. Ra3
Bxh1 9. d4 c5 10. dxc5 bxc5 11. Be3 Nc6 12. Nf3 Qxd1+ 13. Kxd1 Bxf3+ 14. Kc1 Rd8
15. Bd2 Nf6 16. g5 Ne4 0-1

[Event "AUTO-OPEN-1023"]
[Site "http://www.queenalice.com/game.php?id=357760"]
[Date "2008.2.20"]
[Round "1"]
[White "Pagano"]
[Black "blauw"]
[Result "1-0"]
[WhiteElo "1982"]
[BlackElo "1132"]

1. f4 d5 2. Nf3 Bf5 3. b3 Nc6 4. e3 d4 5. Bb5 d3 6. Bxc6+ bxc6 7. c4 Bg4 8. O-O
e6 9. Bb2 f5 10. Nc3 Bb4 11. h3 Bxf3 12. Qxf3 Ne7 13. a3 Bxc3 14. Bxc3 c5 15.
Bxg7 Rg8 16. Qh5+ Kd7 17. Qxh7 1-0

[Event "AUTO-OPEN-1023"]
[Site "http://www.queenalice.com/game.php?id=357761"]
[Date "2008.2.20"]
[Round "1"]
[White "blauw"]
[Black "ENDHER"]
[Result "0-1"]
[WhiteElo "1150"]
[BlackElo "2337"]

1. e4 e5 2. Nc3 Nf6 3. Nf3 d6 4. Be2 c5 5. Bc4 Be7 6. d3 O-O 7. Ng5 h6 8. Nf3
Nc6 9. O-O Bg4 10. d4 cxd4 11. Nh4 Bxd1 12. Nf5 Bxc2 0-1

[Event "AUTO-OPEN-1023"]
[Site "http://www.queenalice.com/game.php?id=357762"]
[Date "2008.2.20"]
[Round "1"]
[White "ENDHER"]
[Black "blauw"]
[Result "1-0"]
[WhiteElo "2339"]
[BlackElo "1148"]

1. d4 d5 2. c4 dxc4 3. e3 e6 4. Bxc4 Bb4+ 5. Nc3 Nc6 6. a3 Bxc3+ 7. bxc3 Na5 8.
Bd3 Nb3 9. Qxb3 Bd7 10. Qxb7 Rc8 11. Qxa7 Nf6 12. Qc5 Ng4 13. a4 Bxa4 14. Rxa4
f5 15. Ra6 Ra8 16. Qc6+ Kf7 17. Qxe6+ Kf8 18. Ba3+ c5 19. Bxc5+ 1-0

[Event "AUTO-OPEN-1023"]
[Site "http://www.queenalice.com/game.php?id=357763"]
[Date "2008.2.20"]
[Round "1"]
[White "blauw"]
[Black "coffeesean"]
[Result "0-1"]
[WhiteElo "1136"]
[BlackElo "1543"]

1. e3 e5 2. Nf3 Nc6 3. c4 Bc5 4. Bd3 Nf6 5. Nc3 d5 6. Nb5 dxc4 7. Bxc4 a6 8. Nc3
b5 9. Bd5 Bd7 10. Ng5 Be6 11. Bxe6 fxe6 12. Nxe6 Qe7 13. Ng5 O-O-O 14. e4 h6 15.
Nf3 Ng4 16. d3 Rd6 17. h3 Bxf2+ 18. Kd2 Rhd8 19. Nd5 Rxd5 20. exd5 Qb4+ 21. Kc2
Nd4+ 22. Nxd4 Qc5+ 23. Kb1 Bxd4 0-1

[Event "AUTO-OPEN-1023"]
[Site "http://www.queenalice.com/game.php?id=357764"]
[Date "2008.2.20"]
[Round "1"]
[White "coffeesean"]
[Black "blauw"]
[Result "1-0"]
[WhiteElo "1402"]
[BlackElo "1142"]

1. e4 e5 2. Nf3 Bc5 3. Nxe5 Nf6 4. d4 Bb4+ 5. Bd2 Bxd2+ 6. Nxd2 b5 7. Bxb5 Nxe4
8. Nxe4 f5 9. Nf6+ Qxf6 10. Qh5+ Kf8 11. O-O-O Bb7 12. Nxd7+ Nxd7 13. Bxd7 a5
14. Rhe1 Be4 15. Rxe4 g6 16. Qh6+ Kg8 17. Re6 Qxd4 18. Rxd4 c5 19. Rxg6+ Kf7 20.
Be6+ Ke7 21. Rg7+ Kf8 22. Rxh7+ Ke8 23. Rxh8+ Ke7 24. Rd7# 1-0